000 00294nam a2200133Ia 4500
100 _aZeyher/L.R
942 _cBK
654 _aManager
245 _aProduction Managers Desk Book
260 _bPrentice Hall of India
_aNewJersey
_c1971
082 _a658.5
300 _a238
546 _aENGLISH
999 _c30238
_d30238